000 00257nam a2200097Ia 4500
008 220204s9999 xx 000 0 und d
082 _aNR:016 1967
_bACS
245 0 _a1967 Bibliography of rubber literature.1967, 1969-1971
260 _aOhio
_bACS
942 _cBK
999 _c43360
_d43360